[Event "Canovelles op-A"]
[Site "Canovelles"]
[Date "1999.??.??"]
[Round "8"]
[White "Tort Cuesta, Estanis"]
[Black "Torras Campdelacreu, Xavier"]
[Result "1-0"]
[WhiteElo "1985"]
[BlackElo "2000"]
[PlyCount "95"]
[EventDate "1999.??.??"]
[EventType "swiss"]
[EventRounds "9"]
[EventCountry "ESP"]
[SourceTitle "EXT 2000"]
[Source "ChessBase"]
[SourceDate "1999.11.16"]
[SourceVersion "1"]
[SourceVersionDate "1999.11.16"]
[SourceQuality "1"]

1. e4 c5 2. Nc3 Nc6 3. f4 e6 4. Nf3 Nge7 5. d3 d5 6. e5 a6 7. Be2 b5 8. a3 Bb7 9. Bd2 Nf5 10. Na2 Ncd4 11. c3 Nxf3+ 12. Bxf3 Nh4 13. d4 Qb6 14. Be3 Nf5 15. Bf2 cxd4 16. cxd4 Be7 17. 0-0 0-0 18. g4 Nh4 19. Be2 Ng6 20. Be3 f6 21. Qd3 fxe5 22. fxe5 Rxf1+ 23. Rxf1 Rf8 24. b4 Rxf1+ 25. Kxf1 Qc7 26. Nc1 Bh4 27. Nb3 Qf7+ 28. Kg1 Nf4 29. Bxf4 Qxf4 30. Qf3 Qxf3 31. Bxf3 Be1 32. Kf1 Bc3 33. Ke2 Kf7 34. Kd3 Bb2 35. Nc5 Bc8 36. a4 bxa4 37. Nxa4 Bc1 38. Nc5 h6 39. Be2 Ke7 40. Kc3 Bf4 41. h3 Bg3 42. Bxa6 Bxa6 43. Nxa6 Be1+ 44. Kd3 Kd8 45. b5 Ba5 46. Nc5 Ke7 47. Na4 g5 48. b6 1-0